| 000 | 00513cam a22001097a 4500 | ||
|---|---|---|---|
| 008 | 180718b1973 xxu||||| |||| 00| 0 eng d | ||
| 082 | _aK5096x54 In2t/5 | ||
| 245 |
_aTraining - a strategy for growth _cby Training Division, Department of Personnel and Administrative Reforms, India |
||
| 260 |
_aDelhi _bTraining Division, Department of Personnel and Administrative Reforms _c1973 |
||
| 500 | _aContents: Library has vol 1 and 2 | ||
| 700 | _aIndia. Department of Personnel and Administrative Reforms. Training Division | ||
| 999 |
_c500041 _d500041 |
||